[Event "AUT-chT (Women) 2223"]
[Site "Austria"]
[Date "2023.03.03"]
[Round "5.3"]
[White "Schnegg, Anna Lena"]
[Black "Mandzhieva, Altana"]
[Result "1-0"]
[WhiteElo "2124"]
[BlackElo "1575"]
[PlyCount "77"]
[EventDate "2022.10.21"]
[EventType "team-tourn"]
[EventRounds "9"]
[EventCountry "AUT"]
[SourceTitle "EXT 2024"]
[Source "ChessBase"]
[SourceDate "2023.10.10"]
[SourceVersion "1"]
[SourceVersionDate "2023.10.10"]
[SourceQuality "1"]
[WhiteTeam "Mayrhofen/Zillertal (W)"]
[BlackTeam "Wien KJSV (W)"]
[WhiteTeamCountry "AUT"]
[BlackTeamCountry "AUT"]

1. c4 Nf6 2. Nc3 g6 3. g3 Bg7 4. Bg2 d6 5. e4 0-0 6. Nge2 Nbd7 7. 0-0 e5 8. d4 Ne8 9. Be3 exd4 10. Nxd4 Ne5 11. b3 a6 12. Rc1 Ng4 13. Qd2 Rb8 14. Bf4 Nef6 15. Rfd1 Nh5 16. Bg5 f6 17. Be3 Bh8 18. h3 Nxe3 19. Qxe3 Ng7 20. c5 Ne6 21. Nxe6 Bxe6 22. cxd6 c6 23. Na4 Bd7 24. Nb6 Re8 25. f4 Bg7 26. Kh2 Bh6 27. Qd4 g5 28. fxg5 Bxg5 29. Rc2 Re5 30. Nxd7 Qxd7 31. h4 Bh6 32. Bh3 Qd8 33. Bf5 Bf8 34. Qc4+ Kg7 35. Rcd2 Qa5 36. Qe2 Rd8 37. Qh5 Rxf5 38. Qxf5 Qa3 39. e5 1-0

[Event "AUT-ch U18 Girls"]
[Site "St Veit"]
[Date "2022.04.11"]
[Round "3"]
[White "Vicze, Zsofia"]
[Black "Mandzhieva, Altana"]
[Result "1-0"]
[WhiteElo "1746"]
[BlackElo "1519"]
[PlyCount "65"]
[EventDate "2022.04.10"]
[EventType "tourn"]
[EventRounds "5"]
[EventCountry "AUT"]
[SourceTitle "EXT 2023"]
[Source "ChessBase"]
[SourceDate "2022.10.05"]
[SourceVersion "1"]
[SourceVersionDate "2022.10.05"]
[SourceQuality "1"]

1. e4 e6 2. d4 d5 3. exd5 exd5 4. Nf3 Nf6 5. Bd3 c5 6. 0-0 Nc6 7. Re1+ Be6 8. c3 Qb6 9. dxc5 Bxc5 10. Qc2 Ng4 11. Be3 Nxe3 12. fxe3 Bxe3+ 13. Kh1 Rc8 14. Qe2 Bf4 15. Bf5 Nd8 16. Nd4 0-0 17. Na3 Re8 18. Qf2 Bd6 19. Nab5 Bc5 20. a4 a6 21. Na3 Nc6 22. Qh4 g6 23. Nxe6 fxe6 24. Bxe6+ Kg7 25. Bxc8 Rxe1+ 26. Rxe1 Bf2 27. Re7+ Nxe7 28. Qxe7+ Kh6 29. Qf8+ Kg5 30. g3 Be3 31. h4+ Kh5 32. Qg7 h6 33. Qe5+ 1-0

[Event "AUT-ch U18 Girls"]
[Site "St Veit"]
[Date "2021.10.29"]
[Round "7.5"]
[White "Mandzhieva, Altana"]
[Black "Weingraber, Lena"]
[Result "1-0"]
[WhiteElo "1484"]
[BlackElo "1478"]
[PlyCount "81"]
[EventDate "2021.10.25"]
[EventType "swiss"]
[EventRounds "7"]
[EventCountry "AUT"]
[SourceTitle "EXT 2023"]
[Source "ChessBase"]
[SourceDate "2022.10.05"]
[SourceVersion "1"]
[SourceVersionDate "2022.10.05"]
[SourceQuality "1"]

1. e4 c5 2. Nc3 d6 3. g3 g6 4. Bg2 Bg7 5. Nge2 Nc6 6. 0-0 e6 7. d3 Nge7 8. f4 0-0 9. g4 Rb8 10. Ng3 f5 11. exf5 exf5 12. gxf5 Nxf5 13. Bd5+ Kh8 14. Nce4 Nce7 15. Bb3 b6 16. Ng5 d5 17. c3 h6 18. Nf3 Nc6 19. Re1 Nxg3 20. hxg3 Bg4 21. Rf1 Qd7 22. Qe2 d4 23. Bd2 Rbe8 24. Qh2 Bxf3 25. Rxf3 Ne7 26. Re1 Nd5 27. Re4 Nf6 28. Re1 Rxe1+ 29. Bxe1 Re8 30. Bd2 Qg4 31. Qg2 Qd7 32. Qf1 Re7 33. f5 g5 34. Be6 Qc7 35. Qg2 Qd6 36. a3 Re8 37. Qh2 Nh7 38. Qh5 Nf8 39. Qxe8 Kh7 40. Qf7 Nxe6 41. fxe6 1-0

[Event "AUT-ch U18 Girls"]
[Site "St Veit"]
[Date "2021.10.28"]
[Round "6.3"]
[White "Stadlinger, Lea"]
[Black "Mandzhieva, Altana"]
[Result "1-0"]
[WhiteElo "1753"]
[BlackElo "1484"]
[PlyCount "51"]
[EventDate "2021.10.25"]
[EventType "swiss"]
[EventRounds "7"]
[EventCountry "AUT"]
[SourceTitle "EXT 2023"]
[Source "ChessBase"]
[SourceDate "2022.10.05"]
[SourceVersion "1"]
[SourceVersionDate "2022.10.05"]
[SourceQuality "1"]

1. e4 e6 2. d4 d5 3. Nc3 Nf6 4. Bg5 h6 5. Bxf6 gxf6 6. exd5 exd5 7. Qf3 c6 8. a3 h5 9. 0-0-0 Be6 10. h3 Nd7 11. Bd3 Qb6 12. Nge2 0-0-0 13. Bf5 Bd6 14. Rhe1 Rdg8 15. g4 Rg5 16. Ng3 hxg4 17. Bxg4 Bxg4 18. hxg4 Bxg3 19. Qxg3 f5 20. Qf4 Rxg4 21. Qxf5 Rxd4 22. Rxd4 Qxd4 23. Qxf7 Rh2 24. Qg8+ Kc7 25. Qg3+ Ne5 26. Qxh2 1-0

[Event "AUT-ch U18 Girls"]
[Site "St Veit"]
[Date "2021.10.27"]
[Round "5.5"]
[White "Oberberger, Sandra"]
[Black "Mandzhieva, Altana"]
[Result "0-1"]
[WhiteElo "1479"]
[BlackElo "1484"]
[PlyCount "48"]
[EventDate "2021.10.25"]
[EventType "swiss"]
[EventRounds "7"]
[EventCountry "AUT"]
[SourceTitle "EXT 2023"]
[Source "ChessBase"]
[SourceDate "2022.10.05"]
[SourceVersion "1"]
[SourceVersionDate "2022.10.05"]
[SourceQuality "1"]

1. c4 e6 2. Nc3 d5 3. d4 Nf6 4. Nf3 c5 5. cxd5 exd5 6. e3 a6 7. Be2 Nc6 8. 0-0 c4 9. b3 Bb4 10. Bb2 b5 11. a4 Bxc3 12. Bxc3 b4 13. Bb2 c3 14. Bc1 Ne4 15. Bd3 f5 16. Ne1 0-0 17. Bxe4 fxe4 18. f3 Qf6 19. Qe2 a5 20. fxe4 Qxf1+ 21. Qxf1 Rxf1+ 22. Kxf1 Ba6+ 23. Kg1 Rf8 24. Nf3 dxe4 0-1

[Event "AUT-ch U16 Girls Online Blitz"]
[Site "Playchess.com INT"]
[Date "2020.12.11"]
[Round "5"]
[White "Stadlinger, Lea"]
[Black "Mandzhieva, Altana"]
[Result "0-1"]
[WhiteElo "1516"]
[BlackElo "1582"]
[PlyCount "56"]
[EventDate "2020.12.11"]
[EventType "tourn (blitz)"]
[EventRounds "7"]
[EventCountry "AUT"]
[SourceTitle "EXT 2022"]
[Source "ChessBase"]
[SourceDate "2021.10.06"]
[SourceVersion "1"]
[SourceVersionDate "2021.10.06"]
[SourceQuality "1"]

1. e4 e6 2. d4 d5 3. e5 c5 4. c3 Nc6 5. Nf3 Qb6 6. a3 Bd7 7. b4 cxd4 8. cxd4 Rc8 9. Be2 f6 10. exf6 Nxf6 11. Bf4 Be7 12. 0-0 0-0 13. Bg3 Ne4 14. Ne5 Be8 15. Nxc6 Rxc6 16. Be5 Bf6 17. Bxf6 Nxf6 18. Bf3 Bg6 19. Re1 Rc4 20. Qb3 Qxd4 21. Ra2 Rfc8 22. Rd2 Qb6 23. h3 Qd6 24. Be2 Rc1 25. Rxc1 Rxc1+ 26. Rd1 Rc8 27. Nc3 Qe5 28. Bf1 Rxc3 0-1

[Event "AUT-ch Vor1 Internet (Women)"]
[Site "Playchess.com INT"]
[Date "2020.05.30"]
[Round "9"]
[White "Mandzhieva, Altana"]
[Black "Karner, Sylvia"]
[Result "1-0"]
[WhiteElo "1352"]
[BlackElo "1707"]
[PlyCount "43"]
[EventDate "2020.05.30"]
[EventType "swiss (blitz)"]
[EventRounds "9"]
[EventCountry "AUT"]
[SourceTitle "CBM 196 Extra"]
[Source "ChessBase"]
[SourceDate "2020.07.31"]
[SourceVersion "1"]
[SourceVersionDate "2020.07.31"]
[SourceQuality "1"]

1. e4 e6 2. Nf3 d5 3. exd5 exd5 4. d4 Nf6 5. Nc3 c5 6. Be3 c4 7. Be2 Bd6 8. Qd2 0-0 9. 0-0 Re8 10. Bg5 Bf5 11. Nxd5 Bxh2+ 12. Nxh2 Qxd5 13. Bxf6 gxf6 14. Bf3 Qd6 15. Bxb7 Nc6 16. Bxa8 Rxa8 17. Nf3 Kh8 18. Qc3 Rg8 19. Rfe1 Qf4 20. d5 Qg4 21. Qxf6+ Rg7 22. Re8# 1-0

[Event "AUT-ch Vor4 Internet"]
[Site "Playchess.com INT"]
[Date "2020.04.25"]
[Round "9"]
[White "Ploeckinger, Paul"]
[Black "Mandzhieva, Altana"]
[Result "0-1"]
[WhiteElo "1334"]
[BlackElo "1352"]
[PlyCount "46"]
[EventDate "2020.04.25"]
[EventType "swiss (blitz)"]
[EventRounds "9"]
[EventCountry "AUT"]
[SourceTitle "EXT 2021"]
[Source "ChessBase"]
[SourceDate "2020.10.23"]
[SourceVersion "1"]
[SourceVersionDate "2020.10.23"]
[SourceQuality "1"]

1. c4 e6 2. Nc3 d5 3. cxd5 exd5 4. d4 Nf6 5. e3 Be6 6. Nf3 c5 7. b3 Qb6 8. Bb2 cxd4 9. Nxd4 Bb4 10. Bb5+ Nc6 11. Bxc6+ bxc6 12. 0-0 0-0 13. Na4 Qc7 14. Rc1 Bd7 15. h3 Rac8 16. Nc2 Bd6 17. Bxf6 gxf6 18. Ne1 Kh8 19. f4 Rg8 20. Nf3 Bxh3 21. Kh2 Bxg2 22. Rg1 Bxf4+ 23. exf4 Qxf4# 0-1